|
|
|
|
| LEADER |
00000nam0a2200000 4500 |
| 001 |
254490 |
| 005 |
20231101232936.0 |
| 010 |
|
|
|a 5110006881
|
| 020 |
|
|
|a RU
|b 89-48533
|
| 035 |
|
|
|a (RuTPU)RU\TPU\book\276957
|
| 090 |
|
|
|a 254490
|
| 100 |
|
|
|a 20140321d1989 m a0rusy5003 ca
|
| 101 |
0 |
|
|a rus
|
| 102 |
|
|
|a UA
|
| 105 |
|
|
|a a j 001zy
|
| 200 |
1 |
|
|a Основы научных исследований и технического творчества
|e учебное пособие для вузов
|f И. В. Белый, В. П. Власов, В. Б. Клепиков
|
| 210 |
|
|
|a Харьков
|c Выща школа
|d 1989
|
| 215 |
|
|
|a 200 с.
|c ил.
|
| 320 |
|
|
|a Библиогр.: с. 196.
|
| 320 |
|
|
|a Предм. указ.: с. 197-198.
|
| 606 |
1 |
|
|a Научное творчество
|2 stltpush
|3 (RuTPU)RU\TPU\subj\45135
|9 64397
|
| 606 |
1 |
|
|a Техническое творчество
|2 stltpush
|3 (RuTPU)RU\TPU\subj\60138
|9 77627
|
| 610 |
1 |
|
|a научно-исследовательская работа
|
| 610 |
1 |
|
|a научные исследования
|
| 610 |
1 |
|
|a учебные пособия
|
| 610 |
1 |
|
|a методология
|
| 610 |
1 |
|
|a мышление
|
| 610 |
1 |
|
|a научно-технические исследования
|
| 610 |
1 |
|
|a погрешности
|
| 610 |
1 |
|
|a технические задачи
|
| 610 |
1 |
|
|a решения
|
| 675 |
|
|
|a 608(075.8)
|z rus
|
| 686 |
|
|
|a Ч215
|2 rubbk
|
| 700 |
|
1 |
|a Белый
|b И. В.
|g Игорь Васильевич
|4 070
|
| 701 |
|
1 |
|a Власов
|b К. П.
|
| 701 |
|
1 |
|a Клепиков
|b В. Б.
|
| 801 |
|
0 |
|a RU
|b RuMRKP
|c 19950417
|g psbo
|
| 801 |
|
1 |
|a RU
|b 63413507
|c 20140321
|
| 801 |
|
2 |
|a RU
|b 63413507
|c 20220804
|g RCR
|
| 942 |
|
|
|c BK
|